Normal view
MARC view
- Cooper, Robert,
Entry Personal Name
001 - CONTROL NUMBER
- control field: 119859
003 - CONTROL NUMBER IDENTIFIER
- control field: KE-NaSUL
005 - DATE AND TIME OF LATEST TRANSACTION
- control field: 20250825184045.0
008 - FIXED-LENGTH DATA ELEMENTS
- fixed length control field: 250825|| aca||aabn | a|a d
040 ## - CATALOGING SOURCE
- Original cataloging agency: KE-NaSUL
- Transcribing agency: KE-NaSUL
100 ## - HEADING--PERSONAL NAME
- Personal name: Cooper, Robert,
- Dates associated with a name: 1945 May 11-
670 ## - SOURCE DATA FOUND
- Source citation: Work cat.: (KE-NaSUL)92896: Cooper, Robert, 1945 May 11-, Corporate treasury and cash management, 2004.